Normal view
MARC view
Entry Personal Name
001 - CONTROL NUMBER
- control field: 38165
003 - CONTROL NUMBER IDENTIFIER
- control field: OSt
005 - DATE AND TIME OF LATEST TRANSACTION
- control field: 20211105154418.0
008 - FIXED-LENGTH DATA ELEMENTS
- fixed length control field: 211105|| aca||aabn | a|a d
040 ## - CATALOGING SOURCE
- Original cataloging agency: OSt
- Transcribing agency: OSt
100 ## - HEADING--PERSONAL NAME
- Personal name: Straka, C. W., ed
670 ## - SOURCE DATA FOUND
- Source citation: Work cat.: (OSt): Straka, C. W., ed., Stellar Evolution and Seismic Tools for Asteroseismology - Diffusive Processes in Stars and Seismic Analysis, 2007